Les streamers les plus connus de France - Statistiques

Statistiques générales
  • Ce quiz a été pris 229 fois
  • Le résultat moyen est 5 sur 15
Statistiques - réponses
Nombres d'abonnés Streamer % Correct
Environ 16 Squeezie
95%
Environ 4.5 Gotaga
78%
Environ 700 000 Locklear
52%
Environ 800 000 Kameto
50%
Environ 900 000 Doigby
45%
Environ 3 Domingo
43%
Environ 1.2 million Zerator
43%
Environ 1.5 million MisterMV
26%
Environ 2.5 million LeBouseuh
17%
Environ 2 million Jiraya
13%
Environ 400 000 Xari
10%
Environ 1.8 million Mickalow
9%
Environ 600 000 Aypierre
3%
Environ 1 million Cyprien Iov
1%
Environ 500 000 Nameless
1%
Aucun quiz correspondant
Distribution des résultats
% des personnes avec chaque résultat
Percentile par nombre de réponses
Votre historique - résultats
Vous n’avez pas pris ce quiz